| 000 | 01568nam a22004217a 4500 | ||
|---|---|---|---|
| 003 | CHAP | ||
| 005 | 20220817043929.0 | ||
| 008 | 040305d1998 cr a r 00110 spa d | ||
| 010 | _a88135 | ||
| 011 | _a89107 | ||
| 020 | _a929039383 1 | ||
| 035 | _a99656 | ||
| 040 | _cCHAP | ||
| 090 | _aFolleto 16737 | ||
| 100 | 0 | 0 |
_aPicado Mata, Emmanuel. _987943 |
| 245 | 1 | 0 |
_aInstrumento Automatizado para generar bases de datos con indicadores de desarrollo sostenible _c/por Emmanuel Picado Mata y Sergio Sepúlveda |
| 260 |
_aSan José, C. R. : _bInstituto Interamericano de Cooperación para la Agricultura, _c1998 |
||
| 300 |
_a31 p. : _bilus. ; gráfs. |
||
| 410 | 2 | 1 | _aInstituto Interamericano de Cooperación para la Agricultura |
| 490 | 0 |
_aCuaderno técnico _vno. 7 |
|
| 500 | _aFotocopia | ||
| 590 |
_aBATCH-UPD _b10 _c20130110 _lUCH01 _h0640 |
||
| 590 |
_aBATCH-UPD _b10 _c20130410 _lUCH01 _h0324 |
||
| 590 |
_aBATCH-UPD _b10 _c20130914 _lUCH01 _h0545 |
||
| 590 |
_aCONVERSION _b10 _c20130109 _lUCH01 _h1349 |
||
| 650 | 1 | 4 |
_aBases de datos. _910684 |
| 650 | 1 | 4 | _aDesarrollo sustentable. |
| 650 | 1 | 4 |
_aIndicadores de desarrollo. _957563 |
| 700 | 0 |
_aSepúlveda, Sergio. _9104494 |
|
| 810 | 2 | 1 | _aInstituto Interamericano de Cooperación para la Agricultura |
| 830 | 0 | 0 |
_aCuaderno técnico _vno. 7 _929725 |
| 901 | _aBK | ||
| 905 | _aMarco A. Mendoza T. | ||
| 911 | _aCustodia | ||
| 942 | _cFOLL | ||
| 949 |
_aFolleto 16737 _bBC _cFOLL _d33724002129611 _eTS1 _gFotocopia _i99656 _st |
||
| 949 |
_aFolleto 16737 _bBC _cFOLL _d33724002129652 _eTS2 _fc.2 _gI.c/e _i99656 _sb |
||
| 999 |
_c88135 _d88135 |
||